| 000 | 00784nam a2200265 i 4500 | ||
|---|---|---|---|
| 001 | 68328 | ||
| 003 | ES-MaACL | ||
| 005 | 20240226212329.0 | ||
| 007 | t| | ||
| 008 | 040617s2004 sp ||||1| spa d | ||
| 020 | _a84-270-2996-9 | ||
| 080 | _a930.85(365) | ||
| 080 | _a904(460):7.032(365) | ||
| 100 | 1 |
_aEslava Galán, Juan, _d1948- _947732 |
|
| 245 | 1 | 4 |
_aLos íberos _b: los españoles como fuimos / _cJuan Eslava Galán. |
| 250 | _a1ª ed. | ||
| 260 |
_aMadrid : _bMartínez Roca, _c2004. |
||
| 300 |
_a222 p. : _bil. ; _c24 cm. |
||
| 490 | 1 | _aAsí vivían | |
| 650 |
_aIberos. _913518 |
||
| 651 | 4 |
_aEspaña- _xRestos arqueológicos ibéricos. _98487 |
|
| 830 | 0 |
_aAsí vivían _9183230 |
|
| 852 |
_aES-MaACL _jL-28015 _bR.133819 |
||
| 999 |
_c68328 _d68328 |
||